PC Software for windows 98 made simple (Record no. 7790)
[ view plain ]
| 000 -LEADER | |
|---|---|
| fixed length control field | 00292nam a2200121Ia 4500 |
| 008 - FIXED-LENGTH DATA ELEMENTS--GENERAL INFORMATION | |
| fixed length control field | 191201s2011 xx 000 0 und d |
| 100 ## - MAIN ENTRY--PERSONAL NAME | |
| Personal name | TAXALI,R K |
| 245 #0 - TITLE STATEMENT | |
| Title | PC Software for windows 98 made simple |
| 250 ## - EDITION STATEMENT | |
| Edition statement | Rep |
| 260 ## - PUBLICATION, DISTRIBUTION, ETC. (IMPRINT) | |
| Date of publication, distribution, etc | 2011 |
| Name of publisher, distributor, etc | TMH |
| Place of publication, distribution, etc | NEW DELHI |
| 300 ## - PHYSICAL DESCRIPTION | |
| Extent | 735 |
| 942 ## - ADDED ENTRY ELEMENTS (KOHA) | |
| Source of classification or shelving scheme | Dewey Decimal Classification |
| Koha item type | Text Books |
| 942 ## - ADDED ENTRY ELEMENTS (KOHA) | |
| -- | 8 |
| Withdrawn status | Lost status | Source of classification or shelving scheme | Damaged status | Not for loan | Collection code | Home library | Current library | Date acquired | Source of acquisition | Cost, normal purchase price | Bill Number | Total Checkouts | Full call number | Acc. no. / Barcode | Date last seen | Date last borrowed | Actual Cost, discounted price | Bill Date | Koha item type |
|---|---|---|---|---|---|---|---|---|---|---|---|---|---|---|---|---|---|---|---|
| Dewey Decimal Classification | BCA | PIET C-LIBRARY | PIET C-LIBRARY | 07/03/2012 | IBH, New Delhi | 475.00 | 4863 | 4 | 005.43 TAP | BC173 | 29/12/2022 | 27/12/2022 | 305.52 | 07/03/2012 | Text Books | ||||
| Dewey Decimal Classification | BCA | PIET C-LIBRARY | PIET C-LIBRARY | 07/03/2012 | IBH, New Delhi | 475.00 | 4863 | 1 | 005.43 TAP | BC174 | 23/02/2021 | 18/11/2020 | 305.52 | 07/03/2012 | Text Books | ||||
| Dewey Decimal Classification | BCA | PIET C-LIBRARY | PIET C-LIBRARY | 07/03/2012 | IBH, New Delhi | 475.00 | 4863 | 3 | 005.43 TAP | BC175 | 23/02/2021 | 08/02/2021 | 305.52 | 07/03/2012 | Text Books |